[Event "II Sofia open championship"]
[Site "?"]
[Date "2011.10.03"]
[Round "1.1"]
[White "Mahlev, Atanas"]
[Black "Petkov, Vladimir"]
[Result "0-1"]
[WhiteElo "1932"]
[BlackElo "2511"]
[PlyCount "30"]
[EventDate "2011.10.03"]
[SourceDate "2011.10.03"]

1. Nf3 Nc6 2. b3 e5 3. e4 Bc5 4. Bb2 d6 5. h3 Nge7 6. Nc3 a6 7. Be2 O-O 8. O-O
Ng6 9. Nh2 Nf4 10. Bg4 Bxg4 11. Qxg4 Nd4 12. g3 h5 13. Qd1 Qg5 14. h4 Qxg3+ 15.
fxg3 Nde2+ 0-1

[Event "II Sofia open championship"]
[Site "?"]
[Date "2011.10.03"]
[Round "1.3"]
[White "Georgiev, Dimitar"]
[Black "Nikolov, Sasho"]
[Result "0-1"]
[WhiteElo "1914"]
[BlackElo "2404"]
[PlyCount "88"]
[EventDate "2011.10.03"]
[SourceDate "2011.10.03"]

1. e4 c5 2. f4 d5 3. exd5 Qxd5 4. Nc3 Qd8 5. Nf3 Nf6 6. Bc4 Nc6 7. d3 e6 8. Be3
Be7 9. Ne4 O-O 10. Qe2 b6 11. O-O-O Bb7 12. h4 Na5 13. Nfg5 Nxc4 14. Nxf6+ Bxf6
15. dxc4 Qc7 16. Rh3 Rad8 17. Rd3 h6 18. g4 e5 19. Nf3 Rxd3 20. cxd3 exf4 21.
Bd2 Qd7 22. Nh2 Re8 23. Qf1 g5 24. hxg5 hxg5 25. Rh6 Bg7 26. Rh5 Qd4 27. Bc3
Qe3+ 28. Bd2 Qe7 29. Nf3 f6 30. Rh2 Qf7 31. Re2 Bc6 32. Kc2 Rxe2 33. Qxe2 Qe8
34. Qxe8+ Bxe8 35. d4 Bd7 36. dxc5 Bxg4 37. Nh2 Bf5+ 38. Kc3 bxc5 39. b4 cxb4+
40. Kxb4 Be4 41. Kb5 f5 42. c5 Be5 43. c6 g4 44. Nf1 Bd3+ 0-1

[Event "II Sofia open championship"]
[Site "?"]
[Date "2011.10.03"]
[Round "1.2"]
[White "Kukov, Velislav"]
[Black "Vasilev, Rosen"]
[Result "1-0"]
[WhiteElo "2425"]
[BlackElo "1914"]
[PlyCount "81"]
[EventDate "2011.10.03"]
[SourceDate "2011.10.03"]

1. Nf3 Nf6 2. c4 d6 3. d4 c6 4. Nc3 Qa5 5. a3 Ne4 6. b4 Nxc3 7. Qb3 Qa4 8. Qxc3
a5 9. Bb2 Bf5 10. Nd2 Qc2 11. Qxc2 Bxc2 12. e4 axb4 13. axb4 Rxa1+ 14. Bxa1 Nd7
15. Be2 e5 16. O-O f5 17. exf5 Bxf5 18. Nb3 b6 19. Bc3 Be7 20. Ra1 O-O 21. Ra7
Bf6 22. dxe5 dxe5 23. g4 Be6 24. Nd2 b5 25. cxb5 cxb5 26. Bxb5 Nb6 27. Ra6 Rb8
28. g5 Nd5 29. Bc4 Nxc3 30. Rxe6 Kf8 31. gxf6 gxf6 32. Rxf6+ Kg7 33. Rf3 Na4
34. Rb3 Rd8 35. Nf1 Rd4 36. Ne3 Kf6 37. b5 Nb6 38. Bf1 e4 39. Rc3 Ke5 40. Rc5+
Ke6 41. Rc6+ 1-0

[Event "II Sofia open championship"]
[Site "?"]
[Date "2011.10.03"]
[Round "1.6"]
[White "Trichkov, Vasil"]
[Black "Dimitrov, Notyo"]
[Result "1-0"]
[WhiteElo "2319"]
[BlackElo "1758"]
[PlyCount "61"]
[EventDate "2011.10.03"]
[SourceDate "2011.10.03"]

1. d4 Nf6 2. Nf3 d5 3. c4 e6 4. g3 Nc6 5. Bg2 dxc4 6. O-O Be7 7. Qa4 O-O 8.
Qxc4 Na5 9. Qc2 Bd7 10. Ne5 Rc8 11. Nc3 c5 12. dxc5 Rxc5 13. Nxd7 Qxd7 14. Be3
Rfc8 15. Bxc5 Bxc5 16. Qa4 Nc6 17. Rad1 Qe7 18. Ne4 Bb6 19. Nd6 Rd8 20. Nxb7
Nd4 21. Nxd8 Qxd8 22. Qc4 Ng4 23. Rxd4 Qxd4 24. Qxd4 Bxd4 25. b4 g6 26. e3 Bb6
27. a4 Ne5 28. a5 Bd8 29. Rd1 Be7 30. b5 Nc4 31. Rd4 1-0

[Event "II Sofia open championship"]
[Site "?"]
[Date "2011.10.03"]
[Round "1.10"]
[White "Andreev, Stanislav"]
[Black "Miteva, Silvena"]
[Result "1-0"]
[WhiteElo "2201"]
[BlackElo "1676"]
[PlyCount "103"]
[EventDate "2011.10.03"]
[SourceDate "2011.10.03"]

1. d4 d5 2. Nf3 Nf6 3. c4 e6 4. Nc3 Nbd7 5. cxd5 exd5 6. Bg5 c6 7. e3 Be7 8.
Bd3 O-O 9. Qc2 Re8 10. O-O Nf8 11. h3 Be6 12. Rab1 a5 13. a3 Ng6 14. b4 axb4
15. axb4 Nd7 16. Bxe7 Qxe7 17. b5 Qf6 18. bxc6 bxc6 19. Nh2 h6 20. Ne2 Ne7 21.
Nf4 Bf5 22. Rb7 Bxd3 23. Nxd3 Qe6 24. Nf3 Ra6 25. Rfb1 Rea8 26. Rxd7 Qxd7 27.
Nc5 Qd6 28. Nxa6 Rxa6 29. Ne5 Ng6 30. Nd3 Nh4 31. Nc5 Ra8 32. g3 Nf3+ 33. Kg2
Ng5 34. Qf5 g6 35. Qg4 Kg7 36. Rb4 Re8 37. h4 Ne4 38. Nd3 Re7 39. Rb2 h5 40.
Qc8 Qc7 41. Rb8 Qxc8 42. Rxc8 Re6 43. Nb4 Rf6 44. f4 Nc3 45. Rxc6 Rxc6 46. Nxc6
Kf6 47. Kf3 Kf5 48. Nb4 f6 49. Nxd5 Nxd5 50. e4+ Ke6 51. f5+ gxf5 52. exd5+ 1-0

[Event "II Sofia open championship"]
[Site "?"]
[Date "2011.10.03"]
[Round "1.5"]
[White "Chunchukov, Ivelin"]
[Black "Filev, Georgi"]
[Result "0-1"]
[WhiteElo "1772"]
[BlackElo "2350"]
[PlyCount "72"]
[EventDate "2011.10.03"]
[SourceDate "2011.10.03"]

1. d4 Nf6 2. c4 g6 3. Nc3 d5 4. Nf3 Bg7 5. e3 O-O 6. Bd3 c5 7. O-O cxd4 8. exd4
dxc4 9. Bxc4 Nc6 10. h3 a6 11. a3 b5 12. Ba2 Bb7 13. Re1 Rc8 14. Bg5 Na5 15.
Rc1 Nc4 16. Qe2 e6 17. Rcd1 Qd6 18. Ne5 Nxa3 19. Nxf7 Rxf7 20. Bxe6 Nc4 21. d5
Rcf8 22. Qf3 Ne5 23. Qf4 Nfd7 24. Ne4 Qxe6 25. dxe6 Rxf4 26. exd7 Nxd7 27. Bxf4
Rxf4 28. Nc3 Bxc3 29. bxc3 Rf7 30. Re8+ Kg7 31. Rd8 Nc5 32. Re8 Ne4 33. Rf1
Nxc3 34. f3 b4 35. Kf2 a5 36. Re5 a4 0-1

[Event "II Sofia open championship"]
[Site "?"]
[Date "2011.10.03"]
[Round "1.4"]
[White "Spasov, Luben"]
[Black "Sotirov, Ilia"]
[Result "1-0"]
[WhiteElo "2367"]
[BlackElo "1834"]
[PlyCount "59"]
[EventDate "2011.10.03"]
[SourceDate "2011.10.03"]

1. d4 d5 2. c4 e6 3. Nf3 Nf6 4. g3 b6 5. Bg2 Bb7 6. Ne5 Bb4+ 7. Nc3 O-O 8. Bg5
h6 9. Bxf6 Qxf6 10. O-O Rd8 11. Qa4 Qe7 12. Rac1 c5 13. cxd5 exd5 14. e3 Bxc3
15. bxc3 Nd7 16. Nd3 Nf6 17. dxc5 bxc5 18. Qa5 Rdc8 19. Rfd1 Rc7 20. Nf4 Rd8
21. Qxa7 g5 22. Nd3 Ra8 23. Qb6 Rc6 24. Qb2 Rcc8 25. Qb6 Rxa2 26. Qb1 Raa8 27.
Rd2 Bc6 28. Ne1 Bb7 29. Rb2 Ne4 30. Rxb7 1-0

[Event "II Sofia open championship"]
[Site "?"]
[Date "2011.10.03"]
[Round "1.7"]
[White "Raykov, Stefan"]
[Black "Badev, Kiril"]
[Result "0-1"]
[WhiteElo "1753"]
[BlackElo "2317"]
[PlyCount "62"]
[EventDate "2011.10.03"]
[SourceDate "2011.10.03"]

1. e4 c5 2. Nf3 a6 3. d4 cxd4 4. Nxd4 Nf6 5. Nc3 e5 6. Nf3 Nc6 7. a3 h6 8. Be2
Bc5 9. O-O O-O 10. h3 b5 11. Qd3 d6 12. Be3 Bxe3 13. Qxe3 Be6 14. Rad1 Qc7 15.
Rd2 Rfd8 16. Rfd1 Rac8 17. Kh1 Na5 18. Nh4 Qe7 19. Qf3 g6 20. Qg3 Kh7 21. Nf3
Rxc3 22. bxc3 Nxe4 23. Qh2 Nxf2+ 24. Kg1 Qa7 25. Kf1 Nxd1 26. Rxd1 Nc4 27. Rd3
e4 28. Rd4 exf3 29. Bxf3 Ne3+ 30. Ke2 Nxc2 31. Re4 Bd5 0-1

[Event "II Sofia open championship"]
[Site "?"]
[Date "2011.10.04"]
[Round "2.3"]
[White "Nikolov, Sasho"]
[Black "Banov, Boil"]
[Result "1-0"]
[WhiteElo "2404"]
[BlackElo "2127"]
[PlyCount "47"]
[EventDate "2011.10.03"]
[SourceDate "2011.10.03"]

1. e4 c6 2. d4 d5 3. Nc3 g6 4. h3 Bg7 5. Nf3 Nh6 6. Bf4 f6 7. Qd2 Nf7 8. e5 O-O
9. O-O-O Be6 10. Re1 Re8 11. h4 Nd7 12. h5 Nf8 13. hxg6 hxg6 14. Bd3 b5 15. Ne2
Qd7 16. Ng3 a5 17. Nh4 f5 18. Qe2 b4 19. Ngxf5 gxf5 20. Qh5 a4 21. Re3 Nh8 22.
Rg3 Bf7 23. Rxg7+ Kxg7 24. Nxf5+ 1-0

[Event "II Sofia open championship"]
[Site "?"]
[Date "2011.10.04"]
[Round "2.9"]
[White "Orev, Petar"]
[Black "Dyulgerov, Dimitar"]
[Result "1-0"]
[WhiteElo "2204"]
[BlackElo "1957"]
[PlyCount "55"]
[EventDate "2011.10.03"]
[SourceDate "2011.10.03"]

1. e4 c5 2. c4 d6 3. Ne2 Nf6 4. Nbc3 Bg4 5. f3 Bh5 6. d4 cxd4 7. Nxd4 Nc6 8.
Be3 Qa5 9. Qb3 O-O-O 10. O-O-O Nd7 11. Qb5 Qxb5 12. cxb5 Nxd4 13. Bxd4 b6 14.
Nd5 e6 15. Nf4 Bg6 16. h4 h5 17. Nxg6 fxg6 18. Bc4 e5 19. Be3 Be7 20. Bf7 g5
21. hxg5 h4 22. Rh3 Rdf8 23. Be6 g6 24. Rdh1 Rh5 25. Rxh4 Bxg5 26. Bxg5 Rxg5
27. Rh7 Rd8 28. Rxd7 1-0

[Event "II Sofia open championship"]
[Site "?"]
[Date "2011.10.04"]
[Round "2.2"]
[White "Gocheva, Rumyana"]
[Black "Kukov, Velsilav"]
[Result "1/2-1/2"]
[WhiteElo "2152"]
[BlackElo "2425"]
[PlyCount "92"]
[EventDate "2011.10.03"]
[SourceDate "2011.10.03"]

1. e4 e5 2. Bc4 Nc6 3. Nf3 Bc5 4. c3 Nf6 5. d3 O-O 6. O-O a6 7. Bb3 d6 8. Nbd2
Ba7 9. Re1 Ng4 10. Re2 Ne7 11. h3 Nf6 12. Nf1 Ng6 13. Ng3 c6 14. d4 Nf4 15.
Bxf4 exf4 16. Nf1 d5 17. exd5 cxd5 18. Qd2 Bb8 19. Bc2 Nh5 20. N1h2 Kh8 21. Ne5
f6 22. Qd3 f5 23. Rae1 Nf6 24. Qf3 g5 25. h4 Ne4 26. hxg5 Bxe5 27. dxe5 Qxg5
28. Qh3 Bd7 29. f3 Ng3 30. Rd2 Be6 31. Ng4 Ne4 32. Bxe4 fxe4 33. Qh6 Qxh6 34.
Nxh6 e3 35. Rd4 Rae8 36. Kf1 Kg7 37. Ng4 Bxg4 38. fxg4 Rxe5 39. Ke2 Rg5 40. Kf3
h5 41. Rxf4 Rxf4+ 42. Kxf4 Rxg4+ 43. Kf3 d4 44. cxd4 Rxd4 45. Rxe3 Rb4 46. b3
Kf6 1/2-1/2

[Event "II Sofia open championship"]
[Site "?"]
[Date "2011.10.04"]
[Round "2.4"]
[White "Stoyanov, Ivaylo"]
[Black "Spassov, Liuben"]
[Result "1/2-1/2"]
[WhiteElo "2000"]
[BlackElo "2367"]
[PlyCount "97"]
[EventDate "2011.10.03"]
[SourceDate "2011.10.03"]

1. e4 c5 2. Nf3 Nc6 3. d4 cxd4 4. Nxd4 Nf6 5. Nc3 d6 6. g3 g6 7. Bg2 Nxd4 8.
Qxd4 Bg7 9. Bg5 h6 10. Bd2 O-O 11. Qd3 Be6 12. Nd5 Nd7 13. c3 Ne5 14. Qe2 Rc8
15. b3 Re8 16. O-O Nd7 17. Nf4 Nf8 18. Nxe6 Nxe6 19. Bh3 Kh7 20. Bxe6 fxe6 21.
Qg4 Qd7 22. Rac1 b5 23. h4 Rc5 24. b4 Rc4 25. Qf3 Rf8 26. Qe3 d5 27. exd5 exd5
28. Rce1 e5 29. Kg2 e4 30. f3 d4 31. cxd4 Rxd4 32. Bc1 exf3+ 33. Rxf3 Qd5 34.
Qb3 Rc4 35. Qd3 Qc6 36. Bf4 Rc3 37. Qe4 Qxe4 38. Rxe4 Rxf3 39. Kxf3 g5 40. hxg5
hxg5 41. Re7 a6 42. Re6 gxf4 43. Rxa6 fxg3+ 44. Kxg3 Be5+ 45. Kg2 Rf4 46. a4
Rxb4 47. axb5 Rxb5 48. Kf3 Rb4 49. Re6 1/2-1/2

[Event "II Sofia open championship"]
[Site "?"]
[Date "2011.10.04"]
[Round "2.7"]
[White "Badev, Kiril"]
[Black "Krastev, Goran"]
[Result "1-0"]
[WhiteElo "2317"]
[BlackElo "1972"]
[PlyCount "69"]
[EventDate "2011.10.03"]
[SourceDate "2011.10.03"]

1. d4 d5 2. c4 e5 3. Nc3 dxc4 4. d5 a6 5. e4 b5 6. a4 b4 7. Nb1 Qh4 8. Nf3
Qxe4+ 9. Be3 c3 10. bxc3 bxc3 11. Nxc3 Bb4 12. Rc1 Nf6 13. Nd2 Bxc3 14. Rxc3
Qxd5 15. Be2 O-O 16. Bf3 e4 17. Nxe4 Qxd1+ 18. Kxd1 Nd5 19. Nf6+ gxf6 20. Bxd5
Rd8 21. Rd3 Be6 22. Bxa8 Rxd3+ 23. Kc2 Ra3 24. Rd1 Bd7 25. Kb2 Rxa4 26. Ba7
Rb4+ 27. Kc3 Rb5 28. Bf3 Nc6 29. Rxd7 Nxa7 30. Rxc7 Ra5 31. Rxa7 Ra2 32. Bd5
Rxf2 33. Bxf7+ Kg7 34. Bd5+ Kg6 35. Rxa6 1-0

[Event "II Sofia open championship"]
[Site "?"]
[Date "2011.10.04"]
[Round "2.8"]
[White "Stamenov, Valeriy"]
[Black "Gochev, Mladen"]
[Result "0-1"]
[WhiteElo "1938"]
[BlackElo "2253"]
[PlyCount "76"]
[EventDate "2011.10.03"]
[SourceDate "2011.10.03"]

1. e4 c5 2. Nf3 g6 3. d4 cxd4 4. Qxd4 Nf6 5. e5 Nc6 6. Qc4 d5 7. exd6 Qxd6 8.
Nc3 Be6 9. Qf4 Qxf4 10. Bxf4 Bg7 11. Bb5 O-O 12. Bxc6 bxc6 13. O-O Nd5 14. Nxd5
Bxd5 15. Be5 f6 16. Bc3 e5 17. b3 Be4 18. Bb4 Rfd8 19. c4 a5 20. Bc5 a4 21. Bb6
Rdb8 22. c5 f5 23. Rac1 Bd5 24. Nd2 axb3 25. axb3 Ra2 26. Nc4 e4 27. Rfd1 Rba8
28. h3 Re2 29. Na5 e3 30. fxe3 Rxg2+ 31. Kf1 Rh2 32. Bc7 Rxh3 33. Rxd5 cxd5 34.
Kf2 Bh6 35. Kg2 Rxe3 36. b4 Re2+ 37. Kf3 Rb2 38. Bd6 Bxc1 0-1

[Event "II Sofia open championship"]
[Site "?"]
[Date "2011.10.04"]
[Round "2.5"]
[White "Filev, Georgi"]
[Black "Kostov, Nikolay"]
[Result "1-0"]
[WhiteElo "2350"]
[BlackElo "1981"]
[PlyCount "39"]
[EventDate "2011.10.03"]
[SourceDate "2011.10.03"]

1. e4 e5 2. Nf3 d6 3. d4 Nd7 4. Nc3 c6 5. a4 a5 6. Bc4 Be7 7. O-O Ngf6 8. Re1
O-O 9. h3 Qc7 10. Ba2 h6 11. Nh4 Re8 12. Nf5 Nf8 13. dxe5 dxe5 14. Qf3 Bxf5 15.
Qxf5 Bb4 16. Bxh6 Ne6 17. Re3 Nd4 18. Qg6 Bf8 19. Rg3 Ne6 20. Qxf6 1-0

[Event "II Sofia open championship"]
[Site "?"]
[Date "2011.10.04"]
[Round "2.15"]
[White "Miteva, Silvena"]
[Black "Andreev, Dorotich"]
[Result "0-1"]
[WhiteElo "1676"]
[BlackElo "2067"]
[PlyCount "62"]
[EventDate "2011.10.03"]
[SourceDate "2011.10.03"]

1. e4 c6 2. d4 d5 3. e5 Bf5 4. Nd2 e6 5. Nb3 Nd7 6. f4 Qb6 7. a4 a6 8. a5 Qc7
9. c3 Ne7 10. Nf3 h5 11. Bd3 Bxd3 12. Qxd3 Nf5 13. O-O c5 14. dxc5 Nxc5 15.
Nxc5 Bxc5+ 16. Kh1 h4 17. Nd4 Bxd4 18. cxd4 Rc8 19. Rd1 Qc4 20. Be3 Qxd3 21.
Rxd3 Rc2 22. Rc1 Nxe3 23. Rxc2 Nxc2 24. Rc3 Kd7 25. Rxc2 Rc8 26. Rxc8 Kxc8 27.
Kg1 Kd7 28. Kf2 Kc6 29. Ke3 Kb5 30. g4 hxg3 31. hxg3 Kxa5 0-1

[Event "II Sofia open championship"]
[Site "?"]
[Date "2011.10.04"]
[Round "2.1"]
[White "Petkov, Vladimir"]
[Black "Tsekov, Milen"]
[Result "1-0"]
[WhiteElo "2511"]
[BlackElo "2158"]
[PlyCount "57"]
[EventDate "2011.10.03"]
[SourceDate "2011.10.03"]

1. d4 e6 2. c4 f5 3. g3 Nf6 4. Bg2 c6 5. Nh3 d5 6. O-O Bd6 7. Bf4 O-O 8. Nd2
Be7 9. Qc2 h6 10. f3 dxc4 11. Nxc4 Qxd4+ 12. Kh1 Nd5 13. e4 Nb4 14. Qb3 Qd3 15.
exf5 N8a6 16. Qxd3 Nxd3 17. Rad1 Nxf4 18. Nxf4 Rxf5 19. Bh3 Rf6 20. Ne5 Nc7 21.
Nfg6 Rxg6 22. Nxg6 Bf6 23. Rfe1 Bxb2 24. Ne7+ Kf7 25. Nxc8 Rxc8 26. Rb1 Bc3 27.
Rec1 Nb5 28. a4 Bd2 29. Rd1 1-0

[Event "II Sofia open championship"]
[Site "?"]
[Date "2011.10.04"]
[Round "2.13"]
[White "Kukov, Andrej"]
[Black "Metev, Martin"]
[Result "0-1"]
[WhiteElo "2027"]
[BlackElo "2022"]
[PlyCount "72"]
[EventDate "2011.10.03"]
[SourceDate "2011.10.03"]

1. d4 g6 2. Nf3 Bg7 3. g3 b6 4. Bg2 Bb7 5. O-O Nf6 6. c4 O-O 7. Nc3 d6 8. b3 c5
9. Bb2 cxd4 10. Nxd4 Bxg2 11. Kxg2 Qc8 12. e4 Qb7 13. f3 Nbd7 14. Qd2 Nc5 15.
Nd5 a6 16. Rfe1 Ne6 17. Nxe6 fxe6 18. Nxf6+ Bxf6 19. Rad1 Bxb2 20. Qxb2 e5 21.
Rc1 Rf6 22. b4 Raf8 23. Re3 g5 24. Rf1 g4 25. Qe2 Qd7 26. b5 a5 27. c5 dxc5 28.
f4 exf4 29. gxf4 Rxf4 30. Qc4+ e6 31. Rxf4 Rxf4 32. Qd3 Qxd3 33. Rxd3 Rxe4 34.
Rd6 Re2+ 35. Kg3 Rxa2 36. Rxb6 Rb2 0-1

[Event "II Sofia open championship"]
[Site "?"]
[Date "2011.10.05"]
[Round "3.2"]
[White "Gochev, Mladen"]
[Black "Nikolov, Sasho"]
[Result "0-1"]
[WhiteElo "2253"]
[BlackElo "2404"]
[PlyCount "70"]
[EventDate "2011.10.03"]
[SourceDate "2011.10.03"]

1. e4 e5 2. Nf3 Nc6 3. d4 exd4 4. Bc4 Nf6 5. e5 d5 6. Bb5 Ne4 7. Nxd4 Bd7 8.
Bxc6 bxc6 9. O-O Bc5 10. f3 Ng5 11. Be3 Qb8 12. Nc3 Ne6 13. Rb1 Qb6 14. Nce2 a5
15. c3 O-O 16. Kh1 Rfe8 17. f4 Nf8 18. Bg1 a4 19. Qd2 Qa6 20. Ng3 Ng6 21. Rbd1
Bf8 22. Rfe1 Rad8 23. Nf3 Bg4 24. Rf1 Qc4 25. f5 Nh4 26. b3 axb3 27. axb3 Qxb3
28. Rb1 Nxf3 29. Qf4 Qc4 30. Qxc4 dxc4 31. gxf3 Bh3 32. Rfe1 Rd2 33. Re2 Rxe2
34. Nxe2 Rxe5 35. Nd4 c5 0-1

[Event "II Sofia open championship"]
[Site "?"]
[Date "2011.10.05"]
[Round "3.5"]
[White "Kukov, Velislav"]
[Black "Ljangov, Petar"]
[Result "1/2-1/2"]
[WhiteElo "2425"]
[BlackElo "2113"]
[PlyCount "58"]
[EventDate "2011.10.03"]
[SourceDate "2011.10.03"]

1. d4 Nf6 2. Bg5 e6 3. e4 d6 4. Nc3 Be7 5. Nf3 Nbd7 6. h3 O-O 7. e5 dxe5 8.
dxe5 Nd5 9. Bxe7 Qxe7 10. Qd2 Qb4 11. Nxd5 Qxd2+ 12. Kxd2 exd5 13. Bd3 f6 14.
exf6 Nxf6 15. Rae1 Bd7 16. Ne5 Rad8 17. a4 Bc8 18. f4 Nd7 19. Rhf1 Rde8 20. c4
Nxe5 21. fxe5 Rxf1 22. Bxf1 dxc4 23. Bxc4+ Be6 24. Kc3 Bxc4 25. Kxc4 Kf7 26.
Re3 Ke6 27. Rb3 Rb8 28. Rf3 Rd8 29. Rb3 Rb8 1/2-1/2

[Event "II Sofia open championship"]
[Site "?"]
[Date "2011.10.05"]
[Round "3.11"]
[White "Banov, Boil"]
[Black "Bedecs, marton"]
[Result "1-0"]
[WhiteElo "2127"]
[BlackElo "1706"]
[PlyCount "59"]
[EventDate "2011.10.03"]
[SourceDate "2011.10.03"]

1. c4 e5 2. Nc3 Nf6 3. g3 Nc6 4. Bg2 g6 5. e4 Bg7 6. Nge2 d6 7. O-O Be6 8. d3
Nd7 9. Be3 Bg4 10. Qd2 Bxe2 11. Nxe2 Nb6 12. b4 Bf8 13. b5 Ne7 14. a4 c6 15. f4
Bg7 16. Ra2 d5 17. cxd5 cxd5 18. fxe5 Bxe5 19. a5 Nbc8 20. d4 Bg7 21. e5 b6 22.
a6 Nf5 23. Bg5 Nce7 24. g4 h6 25. gxf5 hxg5 26. f6 Bh6 27. fxe7 Qxe7 28. Bxd5
g4 29. Qc3 Qh4 30. Qc6+ 1-0

[Event "II Sofia open championship"]
[Site "?"]
[Date "2011.10.05"]
[Round "3.1"]
[White "Badev, Kiril"]
[Black "Petkov, Vladimir"]
[Result "0-1"]
[WhiteElo "2317"]
[BlackElo "2511"]
[PlyCount "84"]
[EventDate "2011.10.03"]
[SourceDate "2011.10.03"]

1. e4 e5 2. Nf3 Nc6 3. Bb5 a6 4. Ba4 Nf6 5. O-O Be7 6. Re1 b5 7. Bb3 d6 8. a4
b4 9. Bd5 Bb7 10. c3 O-O 11. d4 Rb8 12. Bc4 exd4 13. cxd4 d5 14. exd5 Na5 15.
b3 Nxd5 16. Ra2 Bf6 17. Qd3 Nb6 18. Nbd2 Nbxc4 19. bxc4 c5 20. d5 b3 21. Nxb3
Nxb3 22. Qxb3 Bxd5 23. Qc2 Bxf3 24. gxf3 Bd4 25. Bb2 Qg5+ 26. Kf1 Bxb2 27. Rxb2
Rxb2 28. Qxb2 Qf4 29. Kg2 Qxc4 30. Re4 Qd5 31. Qb6 Ra8 32. Qc7 Qg5+ 33. Rg4 Qf5
34. Qg3 g6 35. Rg5 Qc2 36. Qc7 Qxa4 37. Rxc5 a5 38. Qb7 Qe8 39. Rc7 Rb8 40. Qa6
Qe5 41. Rc4 h5 42. h4 Kg7 0-1

[Event "II Sofia open championship"]
[Site "?"]
[Date "2011.10.05"]
[Round "3.4"]
[White "Dyulgerov, Dimitar"]
[Black "Trickov, Vasil"]
[Result "0-1"]
[WhiteElo "1957"]
[BlackElo "2319"]
[PlyCount "98"]
[EventDate "2011.10.03"]
[SourceDate "2011.10.03"]

1. e4 c5 2. Nf3 d6 3. d4 cxd4 4. Nxd4 Nf6 5. Nc3 a6 6. Bg5 e6 7. f4 Qb6 8. Qd2
Qxb2 9. Nb3 Qa3 10. Bxf6 gxf6 11. Be2 Nc6 12. O-O h5 13. Kh1 Bd7 14. Bf3 Be7
15. Rfd1 h4 16. Rab1 h3 17. g3 Rc8 18. Ne2 Qa4 19. c3 Qc4 20. Rdc1 b5 21. Nbd4
Na5 22. Nb3 Qc7 23. Nxa5 Qxa5 24. Nd4 Rc4 25. f5 e5 26. Nb3 Qc7 27. Qd3 Bf8 28.
Nd2 Bh6 29. Nxc4 bxc4 30. Qd5 Bxc1 31. Qa8+ Bc8 32. Rxc1 Ke7 33. Qd5 Bb7 34.
Qd2 Qb6 35. Rd1 Rb8 36. Qe2 Rc8 37. Bg4 Qa5 38. Rc1 d5 39. Bxh3 d4 40. Bg2 d3
41. Qb2 Bc6 42. h4 Rc7 43. Qd2 Rb7 44. Rf1 Qa3 45. Rf2 Rb1+ 46. Kh2 Qc1 47. Bf3
Qxd2 48. Rxd2 Rc1 49. Rb2 Rc2+ 0-1

[Event "II Sofia open championship"]
[Site "?"]
[Date "2011.10.05"]
[Round "3.7"]
[White "Andreev, Stanislav"]
[Black "Stoyanov, Ivaylo"]
[Result "0-1"]
[WhiteElo "2201"]
[BlackElo "2000"]
[PlyCount "96"]
[EventDate "2011.10.03"]
[SourceDate "2011.10.03"]

1. d4 b5 2. Bg5 h6 3. Bh4 g5 4. Bg3 Bg7 5. e3 Bb7 6. h4 Nf6 7. hxg5 hxg5 8.
Rxh8+ Bxh8 9. Nd2 a6 10. a4 bxa4 11. Ngf3 g4 12. Ne5 d6 13. Nxg4 Qd7 14. Nxf6+
Bxf6 15. c3 Bc6 16. Qh5 e6 17. Qh7 Qe7 18. Ne4 Nd7 19. Bd3 Nf8 20. Qh6 Ng6 21.
Nxf6+ Qxf6 22. Qh5 Kd7 23. Qa5 Rb8 24. O-O-O Bxg2 25. Qxa4+ Bc6 26. Qxa6 Ra8
27. Qc4 Nh4 28. Qb3 Nf5 29. Bf4 Qh4 30. Bxf5 Ra1+ 31. Bb1 Ba4 32. Qc4 Bxd1 33.
Qb5+ Kc8 34. Qe8+ Kb7 35. Qb5+ Kc8 36. Qe8+ Qd8 37. Qb5 Qd7 38. Qd3 Qa4 39. e4
Bb3 40. Kd2 Bc4 41. Qc2 Bb3 42. Qd3 Bc4 43. Qc2 Qb5 44. b4 Qh5 45. Kc1 Ba2 46.
Kb2 Bxb1 47. Qb3 Qh1 48. Bc1 Qxc1+ 0-1

[Event "II Sofia open championship"]
[Site "?"]
[Date "2011.10.05"]
[Round "3.3"]
[White "Stoyanov, Tihomir"]
[Black "Filev, Georgi"]
[Result "0-1"]
[WhiteElo "2190"]
[BlackElo "2350"]
[PlyCount "138"]
[EventDate "2011.10.03"]
[SourceDate "2011.10.03"]

1. d4 Nf6 2. Nf3 g6 3. Bf4 Bg7 4. h3 O-O 5. e3 d5 6. Nbd2 c5 7. c3 b6 8. Qa4
Bb7 9. b4 Bc6 10. Qa3 c4 11. Ne5 Bb7 12. Be2 Nbd7 13. O-O b5 14. Qb2 Nb6 15.
Bd1 Nfd7 16. Nxd7 Qxd7 17. Bc2 f6 18. Bg3 e5 19. f4 Qe7 20. Rfe1 e4 21. a4 a6
22. a5 Nd7 23. Rf1 f5 24. Rf2 Nf6 25. Bd1 Bc8 26. Be2 Be6 27. Bh4 Qd7 28. Bxf6
Bxf6 29. Nf1 Ra7 30. g3 Qc8 31. Bd1 Rg7 32. Rg2 g5 33. Ra2 Kh8 34. Qf2 Rfg8 35.
Bh5 Be7 36. Kh1 Qd8 37. Qg1 Bd6 38. Qh2 Qf6 39. Bd1 Rg6 40. Raf2 Rh6 41. Be2
Qd8 42. Kg1 Qe7 43. Qh1 g4 44. h4 Bxb4 45. cxb4 Qxb4 46. h5 Qxa5 47. Qh4 Qd8
48. Qxd8 Rxd8 49. Bd1 a5 50. Ra2 Ra8 51. Rgb2 Bd7 52. Rb1 Kg7 53. Kf2 Rha6 54.
Ke1 Kf7 55. Kd2 Ke7 56. Rba1 Kd6 57. Bc2 Kc7 58. Bd1 Kb6 59. Bc2 R6a7 60. Bd1
Rc7 61. Rb1 Raa7 62. Bc2 b4 63. Ba4 Bb5 64. Bxb5 Kxb5 65. Kc1 c3 66. Nd2 cxd2+
67. Kxd2 h6 68. Rab2 Rc3 69. Rc2 Rac7 0-1

[Event "II Sofia open championship"]
[Site "?"]
[Date "2011.10.05"]
[Round "3.9"]
[White "Chunchukov, Ivelin"]
[Black "Orev, Petar"]
[Result "0-1"]
[WhiteElo "1772"]
[BlackElo "2204"]
[PlyCount "64"]
[EventDate "2011.10.03"]
[SourceDate "2011.10.03"]

1. d4 Nf6 2. c4 c5 3. d5 e6 4. Nc3 exd5 5. cxd5 d6 6. e4 g6 7. Bd3 Bg7 8. Nge2
O-O 9. f3 Nbd7 10. O-O Ne5 11. Bc2 Rb8 12. a4 a6 13. f4 Ned7 14. Bd3 Re8 15.
Ng3 Qc7 16. Be3 c4 17. Bc2 Nc5 18. Qf3 Nfd7 19. Rad1 b5 20. axb5 axb5 21. e5
dxe5 22. Nce4 Nxe4 23. Nxe4 f5 24. fxe5 Nxe5 25. Qf4 fxe4 26. d6 Qd7 27. Bxe4
Bb7 28. Bd5+ Bxd5 29. Rxd5 Nd3 30. Qg5 Bxb2 31. Bd4 Bxd4+ 32. Rxd4 Re5 0-1

[Event "II Sofia open championship"]
[Site "?"]
[Date "2011.10.05"]
[Round "3.10"]
[White "Tsekov, Milen"]
[Black "Raykov, Stefan"]
[Result "1-0"]
[WhiteElo "2158"]
[BlackElo "1753"]
[PlyCount "69"]
[EventDate "2011.10.03"]
[SourceDate "2011.10.03"]

1. Nf3 Nf6 2. g3 g6 3. b4 Bg7 4. Bb2 d6 5. Bg2 e5 6. O-O O-O 7. c4 Be6 8. Ng5
c6 9. Nxe6 fxe6 10. Qb3 Qc7 11. d3 Nbd7 12. Nd2 a5 13. a3 Kh8 14. Nf3 Rfe8 15.
Bh3 Re7 16. Ng5 Nf8 17. f4 exf4 18. Rxf4 e5 19. Rf2 Rae8 20. Raf1 N8d7 21. Bxd7
Nxd7 22. Nf7+ Kg8 23. c5 d5 24. Nd6 Rf8 25. Rxf8+ Nxf8 26. e4 Ne6 27. exd5 cxd5
28. Qxd5 Qd8 29. Bxe5 Bxe5 30. Qxe5 axb4 31. axb4 b6 32. Qf6 bxc5 33. bxc5 Nxc5
34. Nf7 Rxf7 35. Qxd8+ 1-0

[Event "II Sofia open championship"]
[Site "?"]
[Date "2011.??.05"]
[Round "3.12"]
[White "Andreev, Dobrotich"]
[Black "Yordanov, Georgi"]
[Result "1-0"]
[WhiteElo "2067"]
[BlackElo "1695"]
[PlyCount "55"]
[EventDate "2011.10.03"]
[SourceDate "2011.10.03"]

1. e4 c5 2. Nf3 Nc6 3. d4 cxd4 4. Nxd4 Nf6 5. Nc3 e5 6. Ndb5 d6 7. Nd5 Nxd5 8.
exd5 Nb4 9. Be3 Bf5 10. Na3 Qa5 11. Bb5+ Bd7 12. Bxd7+ Kxd7 13. Qg4+ Kd8 14.
Bd2 Nxc2+ 15. Nxc2 Qxd5 16. Ne3 Qb5 17. Qb4 Qd7 18. Nd5 Qc6 19. Qb3 Rc8 20. O-O
Be7 21. Rac1 Qd7 22. Rxc8+ Qxc8 23. Rc1 Qd7 24. Rc7 Qxc7 25. Nxc7 Kxc7 26. Qxf7
Kd7 27. Bg5 Re8 28. Qxg7 1-0